Die Meisterwerke des Rijks-Museum zu Amsterdam (Record no. 5669)

MARC details
000 -CABECERA
campo de control de longitud fija 00840nam a2200253 a 4500
001 - NÚMERO DE CONTROL
campo de control BRCA_5980
005 - FECHA Y HORA DE LA ÚLTIMA TRANSACCIÓN
campo de control 20190320205303.0
008 - DATOS DE LONGITUD FIJA--INFORMACIÓN GENERAL
campo de control de longitud fija 280311s1903----gw-a###f##---#001-0#ger-#
041 ## - CÓDIGO DE LENGUA
Código de lengua del texto/banda sonora o título independiente ger
044 ## - CÓDIGO DEL PAÍS DE LA ENTIDAD EDITORA/PRODUCTORA
Código MARC del país gw
050 #4 - SIGNATURA TOPOGRÁFICA DE LA BIBLIOTECA DEL CONGRESO
Número de clasificación N2460
Número de documento/Ítem .V65 1903
100 1# - ENTRADA PRINCIPAL--NOMBRE DE PERSONA
Nombre de persona Voll, Karl
9 (RLIN) 13889
245 10 - MENCIÓN DE TÍTULO
Título Die Meisterwerke des Rijks-Museum zu Amsterdam
Resto del título Hanfstaengls Maler-Klassiker: Die Mesterwerke der Bedeutensten Galerien Europas
Mención de responsabilidad, etc. Karl Voll.
260 ## - PUBLICACIÓN, DISTRIBUCIÓN, ETC.
Lugar de publicación, distribución, etc. Múnich
Nombre del editor, distribuidor, etc. Franz Hanfstaengl
Fecha de publicación, distribución, etc. [1903]
300 ## - DESCRIPCIÓN FÍSICA
Extensión XX, 208 p.
Otras características físicas il., 208 láminas
Dimensiones 29 cm.
500 ## - NOTA GENERAL
Nota general Igual a F18 y F145
500 ## - NOTA GENERAL
Nota general Y9
610 24 - PUNTO DE ACCESO ADICIONAL DE MATERIA--NOMBRE DE ENTIDAD CORPORATIVA
Nombre de entidad corporativa o nombre de jurisdicción como elemento de entrada Rijksmuseum (Amsterdam)
9 (RLIN) 14139
650 14 - PUNTO DE ACCESO ADICIONAL DE MATERIA--TÉRMINO DE MATERIA
Término de materia o nombre geográfico como elemento de entrada Pintura holandesa
Subdivisión geográfica Amsterdam
9 (RLIN) 14140
650 14 - PUNTO DE ACCESO ADICIONAL DE MATERIA--TÉRMINO DE MATERIA
Término de materia o nombre geográfico como elemento de entrada Pintura
Subdivisión general Colecciones y coleccionistas
Subdivisión geográfica Holanda
9 (RLIN) 15106
650 14 - PUNTO DE ACCESO ADICIONAL DE MATERIA--TÉRMINO DE MATERIA
Término de materia o nombre geográfico como elemento de entrada Galerías y museos
Subdivisión geográfica Holanda
9 (RLIN) 7615
902 ## - CATALOGADOR
Iniciales GFM
942 ## - ELEMENTOS DE PUNTO DE ACCESO ADICIONAL (KOHA)
Fuente del sistema de clasificación o colocación Library of Congress Classification
Tipo de ítem Koha Libros
Holdings
Estado de retiro Estado de pérdida Estado dañado No para préstamo Localización permanente Ubicación/localización actual Fecha de adquisición Número de inventario Total de préstamos Signatura topográfica completa Código de barras Fecha visto por última vez Precio válido a partir de Tipo de ítem Koha
El ejemplar forma parte de la colección y puede ser consultado según las políticas vigentes.       Biblioteca del Museo Franz Mayer (Rogerio Casas-Alatriste) Biblioteca del Museo Franz Mayer (Rogerio Casas-Alatriste) 28/03/2011 Y9   N2460 .V65 1903 (Y9) 6419 22/03/2019 22/03/2019 Libros